000
00216 a2200097 4500
001
46980
100
_a
245
_a
Military Balance 1970-71
260
_a
London
_b
Institute for Strategic
_c
090
_c
30049
_d
30049
942
_a
NUST-CAE
_c
M
_c
22280
999
_c
282053
_d
282053